000 00335nam a2200133Ia 4500
005 20260328101509.0
008 260328s9999||||xx |||||||||||||| ||und||
100 _aMinisterio de Cultura
245 0 _aLe Corbusier /
_cMinisterio de Cultura
260 _bMinisterio de Cultura
300 _a244 p.
650 _aARQUITECTOS
942 _cBK
999 _c9134
_d9134